<?xml version="1.0" encoding="UTF-8"?>
<collection xmlns="http://www.loc.gov/MARC21/slim">
 <record>
  <leader>00824nam a2200229Ia 4500</leader>
  <controlfield tag="001">CTU_222303</controlfield>
  <controlfield tag="008">210402s9999    xx            000 0 und d</controlfield>
  <datafield tag="020" ind1=" " ind2=" ">
   <subfield code="c">11.24</subfield>
  </datafield>
  <datafield tag="082" ind1=" " ind2=" ">
   <subfield code="a">306</subfield>
  </datafield>
  <datafield tag="082" ind1=" " ind2=" ">
   <subfield code="b">S714</subfield>
  </datafield>
  <datafield tag="100" ind1=" " ind2=" ">
   <subfield code="a">Sorokin, Pitirim Aleksandrovich</subfield>
  </datafield>
  <datafield tag="245" ind1=" " ind2="4">
   <subfield code="a">The crisis of our age :</subfield>
  </datafield>
  <datafield tag="245" ind1=" " ind2="4">
   <subfield code="b">The social and cultural outlook</subfield>
  </datafield>
  <datafield tag="245" ind1=" " ind2="0">
   <subfield code="c">Pitirim A. Sorokin</subfield>
  </datafield>
  <datafield tag="260" ind1=" " ind2=" ">
   <subfield code="a">New York</subfield>
  </datafield>
  <datafield tag="260" ind1=" " ind2=" ">
   <subfield code="b">E. P. Dutton &amp; Co.</subfield>
  </datafield>
  <datafield tag="260" ind1=" " ind2=" ">
   <subfield code="c">1941</subfield>
  </datafield>
  <datafield tag="520" ind1=" " ind2=" ">
   <subfield code="a">Contents: Chapter I. The diagnosis of the crisis. II. The crisis of the fine arts; III. The crisis in the system of truth: science, philosophy, and geligion; IV. The crisis in ethics and law...</subfield>
  </datafield>
  <datafield tag="650" ind1=" " ind2=" ">
   <subfield code="a">Văn minh,Civilization</subfield>
  </datafield>
  <datafield tag="650" ind1=" " ind2=" ">
   <subfield code="x">Triết học</subfield>
  </datafield>
  <datafield tag="904" ind1=" " ind2=" ">
   <subfield code="i">Nguyễn An Khang,Hải</subfield>
  </datafield>
  <datafield tag="980" ind1=" " ind2=" ">
   <subfield code="a">Trung tâm Học liệu Trường Đại học Cần Thơ</subfield>
  </datafield>
 </record>
</collection>
<br />
<b>Notice</b>:  fwrite(): write of 437 bytes failed with errno=28 No space left on device in <b>C:\vufind\module\VuFind\src\VuFind\Session\File.php</b> on line <b>152</b><br />
Cannot write session to C:\Windows\TEMP\vufind_sessions/sess_39v9113gcv1hbu4mosij66ith2
<br />
<b>Warning</b>:  session_write_close(): Failed to write session data using user defined save handler. (session.save_path: \xampp\tmp) in <b>C:\vufind\vendor\laminas\laminas-session\src\SessionManager.php</b> on line <b>235</b><br />
